| 000 | 01341 a2200265 4500 | ||
|---|---|---|---|
| 001 | 200003113 | ||
| 650 | 0 |
_944635 _aContracts _zTurkey |
|
| 650 | 0 |
_958020 _aSözleşmeler _zTürkiye |
|
| 999 |
_c200003113 _d28324 |
||
| 003 | TR-AnTOB | ||
| 005 | 20190408215935.0 | ||
| 008 | 110306b tu 000 0 | ||
| 020 | _a9786054378432 | ||
| 040 | _aTR-AnTOB | ||
| 041 | _atur | ||
| 050 | 4 |
_aKKX858 _b.S45 2010 |
|
| 090 | _aKKX858 .S45 2010 | ||
| 100 | 1 |
_aSelimoğlu, Yaşar Selim _973173 |
|
| 245 | 1 | 0 |
_aİstısnâ (eser) sözleşmesi / _cYaşar Engin Selimoğlu. |
| 264 | 1 |
_aAnkara : _bAdalet Yayınevi, _c2010. |
|
| 300 |
_axx, 580 p. ; _c23 cm. |
||
| 504 | _aIncludes bibliographic references and index. | ||
| 505 | 0 | _a1. İstısnâ (eser) sözleşmesinin tanımı ve kavramlar. -- 2. İstısnâ (eser) sözleşmesinin kurulması. -- 3. İstısnâ (eser) sözleşmesinde tarafların borçları ve ifa. -- 4. İstısnâ (eser) sözleşmesinde direnim (temerrüt). -- 5. İstısnâ (eser) sözleşmesinde üçüncü kişilerin hakları. -- 6.İstısnâ (eser) sözleşmesinde iş kazaları ve sorumluluk. -- 7. İstısnâ (eser) sözleşmesinin sona erme halleri. -- 8. İstısnâ (eser) sözleşmesinden kaynaklanan uyuşmazlıklarda yargı yolu, görev ve yetki. -- 9. Sözleşme örnekleri ve yapım işleri genel şartnamesi. | |
| 942 | _cBK | ||